1245 1340 1812 1333 1482 1345 1178 1592 1904 1394 1904 1897 1823 1434 1849 1318 1482 1820 1555 1632 1064 1616 1463 1139 1959 1269 1482 1166 1401 1790 1646 1343 1767 1421 1317 1358 1028 1624 1182 1857 1296 1003 1291 1083 1771 1944 1982 1544 1450 1070 1016 1148 1404 1537 1535 1728 1520 1610 1901 1505 1567 1087 1735 1298 1596 1952 1799 1659 1872 1790 1589 1238 1248 1921 1542 1821 1873 1659 1540 1792 1326 1749 1844 1327 1603 1122 1633 1301 1208 1030 1647 1861 1759 1126 1476 1434 1662 1926 1591 BCNSPRNW ULIB Ver.6.0+V

เปลี่ยนเป็นภาษาไทย

Change to English
 แสดงรายละเอียดบรรณานุกรม
  กลับหน้าหลัก

Brief Record : Get Marc (ISO 2709) : E-mail record : QR code < ปิดหน้าต่าง
LEADER : 00000nam 2200000uu 4500
001    13399109546
003     ULIB
008    110404s2548||||th 000 0 tha d
020    9789740576686
060 04 WB327^bก351ล 2551
110 1  คณะแพทย์ใกล้หมอ
245 00 เลี่ยง:เสี่ยง:ทำ /^cเอื้อมพร สกุลแก้ว,บรรณาธิการ
260    กรุงเทพฯ :^bใกล้หมอ,^c2548
300    104 หน้า :^bภาพประกอบ
650  7 สุขภาพ^xการดูแล
700 0  เอื้อมพร สกุลแก้ว,^eบรรณาธิการ
945    ^p129^l0^i025792
995    ทศพร
999 ^a ใช้งานได้ทุกระบบ
รายการนี้ยังไม่มีแท็ก
คุณยังไม่ได้ล็อกอิน คุณสามารถมีกิจกรรมร่วมกับเว็บไซต์ได้ แต่ต้องล็อกอินก่อน ::
  ล็อกอิน

รายการสื่อสารสนเทศ

ลำดับที่ ประเภท เลขเรียก/บาร์โค้ด สถานที่ สถานะ
- ไม่พบข้อมูล -

BibComment


ยังไม่เคยถูกคอมเมนท์

คอมเมนท์ทรัพยากรรายการนี้
  คอมเมนท์: เลี่ยงเสี่ยงทำ เ..


 Copyright 2026. Bcnsprnw @Library